Normal view
MARC view
Entry Personal Name
001 - CONTROL NUMBER
- control field: 79857
003 - CONTROL NUMBER IDENTIFIER
- control field: dpl
005 - DATE AND TIME OF LATEST TRANSACTION
- control field: 20250324152433.0
008 - FIXED-LENGTH DATA ELEMENTS
- fixed length control field: 250324|| aca||aabn | a|a d
040 ## - CATALOGING SOURCE
- Original cataloging agency: dpl
- Transcribing agency: dpl
100 ## - HEADING--PERSONAL NAME
- Personal name: Burns, Anne
670 ## - SOURCE DATA FOUND
- Source citation: Work cat.: (dpl)210454: Burns, Anne, Collaborative Action Research for English Language Teacher/, 2010
